Visualizzazione normale
Vista MARC
- Pati Luigi (et al.)
di Personal Name
Records bibliografici associati: 4
001 - CONTROL NUMBER
- control field: 57707
003 - CONTROL NUMBER IDENTIFIER
- control field:
005 - DATE AND TIME OF LATEST TRANSACTION
- control field: 20190327164434.0
008 - FIXED-LENGTH DATA ELEMENTS
- fixed length control field: 190327|| aca||aabn | a|a d
040 ## - CATALOGING SOURCE
- Original cataloging agency:
- Transcribing agency:
100 ## - HEADING--PERSONAL NAME
- Personal name: Pati Luigi (et al.)
670 ## - SOURCE DATA FOUND
- Source citation: Work cat.: (): Pati Luigi (et al.), La memoria familiare, 2016